RICS approved to regulate home inspectors (Record no. 78046)

MARC details
000 -LEADER
fixed length control field 00980cab a2200205 4500
001 - CONTROL NUMBER
control field L135862
008 - FIXED-LENGTH DATA ELEMENTS--GENERAL INFORMATION
fixed length control field 061213n2006 000 0 eng u
035 ## - SYSTEM CONTROL NUMBER
System control number (Sirsi) u135862
041 0# - LANGUAGE CODE
Language code of text/sound track or separate title eng
110 1# - MAIN ENTRY--CORPORATE NAME
Corporate name or jurisdiction name as entry element Royal Institution of Chartered Surveyors
9 (RLIN) 4900
245 00 - TITLE STATEMENT
Title RICS approved to regulate home inspectors
260 ## - PUBLICATION, DISTRIBUTION, ETC.
Place of publication, distribution, etc. London
Name of publisher, distributor, etc. RICS
Date of publication, distribution, etc. 2006
520 ## - SUMMARY, ETC.
Summary, etc. Reports on the decision by the Department for Communities and Local Government to approve RICS as the regulator for those wishing to act as inspectors producing home condition reports as part of the government's proposed Home Information Packs (HIPs).
590 ## - LOCAL NOTE (RLIN)
Local note KA
650 24 - SUBJECT ADDED ENTRY--TOPICAL TERM
Topical term or geographic name entry element HOME INFORMATION PACKS
650 24 - SUBJECT ADDED ENTRY--TOPICAL TERM
Topical term or geographic name entry element HOUSING ACT 2004 PART V
690 ## - LOCAL SUBJECT ADDED ENTRY--TOPICAL TERM (OCLC, RLIN)
Topical term or geographic name as entry element PROPERTY-RESIDENTIAL PROPERTY-RESIDENTIAL PROPERTY APPRAISAL AND VALUATION
856 40 - ELECTRONIC LOCATION AND ACCESS
Uniform Resource Identifier <a href="https://www.thepartnershiplimited.com/Documents/RICS%20Certification%20Scheme.pdf">https://www.thepartnershiplimited.com/Documents/RICS%20Certification%20Scheme.pdf</a>
Public note View the information free of charge at www.thepartnershiplimited.com.
942 ## - ADDED ENTRY ELEMENTS (KOHA)
Suppress in OPAC 0
Holdings
Withdrawn status Lost status Source of classification or shelving scheme Damaged status Not for loan Home library Current library Shelving location Date acquired Total Checkouts Full call number Barcode Date last seen Copy number Price effective from Koha item type
    Dewey Decimal Classification     Virtual Virtual Online 13/12/2006   ONLINE PUBLICATION 135862-1001 06/08/2019 1 06/08/2019 Journal article